| Поле | Инд. | ПП | Название | Значение |
|---|---|---|---|---|
| Тип записи | a | |||
| Библиографический уровень | a | |||
| 001 | Контрольный номер | dcda790fe770467fa357b2ed919e6bfd | ||
| 005 | Дата корректировки | 20160217161330.8 | ||
| 040 | a | Служба первич. каталог. | НБ ТвГУ | |
| b | Код языка каталог. | rus | ||
| e | Правила каталог. | PSBO | ||
| 041 | 0_ | a | Код языка текста | rus |
| 097 | b | Оператор | novikova | |
| 098 | b | Факультет | Психологии и социальной работы | |
| c | Кафедра | педагогики и социальной работы | ||
| 245 | 10 | a | Заглавие | Про онто-педагогику, Град Китеж и летний марафон |
| 260 | a | Место издания | Москва | |
| b | Издательство | Эврика | ||
| 440 | _0 | a | Серия | Библиотека культурно-образовательных инициатив |
| 520 | 0_ | a | Аннотация | Именно такое культурное пространство для детей и взрослых, для тех, кто не хочет расставаться с детством, такое детско-взрослое братство дерзают создавать в совместном проекте «Град Китеж» начальная Русская школа г. Твери, средняя школа села Рождествено Тверской области и Национальная организация добровольцев «Русь». В основе проекта – опыт духовно-нравственного воспитания, накопленный нашими школами, методики внешкольного воспитания русского православного Зарубежья и современное педагогическое творчество детей и взрослых НОРД «Руси» из 12-ти регионов России. |
| 653 | 0_ | a | Ключевые слова | Труды Тверского государственного университета |
| a | Ключевые слова | Онто-педагогика | ||
| a | Ключевые слова | Град Китеж, проект | ||
| a | Ключевые слова | Русская школа | ||
| a | Ключевые слова | Тверь, город | ||
| a | Ключевые слова | Духовно-нравственное воспитание | ||
| a | Ключевые слова | Детство | ||
| 700 | 12 | a | Другие авторы | Денисенко О. О. |
| 700 | 12 | a | Другие авторы | Суворина Елена Александровна |
| q | Полное имя | Суворина Е. А. | ||
| 700 | 12 | a | Другие авторы | Темнова Ольга Николаевна |
| q | Полное имя | Темнова О. Н. | ||
| 700 | 12 | a | Другие авторы | Евтюхина Ю. |
| 773 | 18 | w | Контрольный № источника | RU/IS/BASE/386697392 |
| t | Название источника | Школа родной культуры, или Педагогика праздника | ||
| d | Место и дата издания | Москва : Эврика, 2005 | ||
| g | Прочая информация | С. 141-163 | ||
| 901 | t | Тип документа | a | |
| 920 | a | Оператор | Нови |